|
|
|
|
| LEADER |
00802nam a2200217 i 4500 |
| 001 |
acta38744 |
| 005 |
20230508144541.0 |
| 008 |
161201s1987 hu o 0|| eng d |
| 022 |
|
|
|a 0133-4239
|
| 040 |
|
|
|a SZTE Egyetemi Kiadványok Repozitórium
|b hun
|
| 041 |
|
|
|a eng
|
| 041 |
|
|
|a ger
|
| 245 |
0 |
0 |
|a Papers on derivation in Uralic
|h [elektronikus dokumentum] :
|b Szegeder und Turkuer Beiträge zur uralischen Derivation
|
| 260 |
|
|
|a Universitas Szegediensis de Attila József Nominata
|b Szeged
|c 1987
|
| 300 |
|
|
|a 96 p.
|c 24 cm
|
| 490 |
0 |
|
|a Studia uralo-altaica
|v 28
|
| 650 |
|
4 |
|a Bölcsészettudományok
|
| 650 |
|
4 |
|a Nyelvek és irodalom
|
| 695 |
|
|
|a Finnugor nyelvek - szuffixum - tanulmányok
|
| 700 |
0 |
1 |
|a Vastag Júlia
|
| 856 |
4 |
0 |
|u http://acta.bibl.u-szeged.hu/38744/1/altaica_028.pdf
|z Dokumentum-elérés
|